Visualizzazione normale
Vista MARC
- Gerardi Adele (a cura di)
di Personal Name
Records bibliografici associati: 2
001 - CONTROL NUMBER
- control field: 56343
003 - CONTROL NUMBER IDENTIFIER
- control field: IT-RoPau
005 - DATE AND TIME OF LATEST TRANSACTION
- control field: 20170403171520.0
008 - FIXED-LENGTH DATA ELEMENTS
- fixed length control field: 170403|| aca||aabn | a|a d
040 ## - CATALOGING SOURCE
- Original cataloging agency: IT-RoPau
- Transcribing agency: IT-RoPau
100 ## - HEADING--PERSONAL NAME
- Personal name: Gerardi Adele (a cura di)
670 ## - SOURCE DATA FOUND
- Source citation: Work cat.: (IT-RoPau): Gerardi Adele (a cura di), Figli e lavoro si può, 2014